[Event "IRL-ch 100th Weekend op"]
[Site "Dublin"]
[Date "2021.08.07"]
[Round "3"]
[White "Melaugh, Shanemelaugh"]
[Black "Drapiewski, Grzegorz"]
[Result "1-0"]
[WhiteElo "2161"]
[BlackElo "1352"]
[PlyCount "55"]
[EventDate "2021.08.06"]
[EventType "swiss"]
[EventRounds "5"]
[EventCountry "IRL"]
[SourceTitle "EXT 2022"]
[Source "ChessBase"]
[SourceDate "2021.10.06"]
[SourceVersion "1"]
[SourceVersionDate "2021.10.06"]
[SourceQuality "1"]

1. c4 c5 2. Nc3 Nc6 3. g3 d6 4. Bg2 Nf6 5. e4 e5 6. Nge2 Bg4 7. f3 Be6 8. d3 Qd7 9. h4 h5 10. a3 Be7 11. Be3 a6 12. Nd5 Bd8 13. Rb1 a5 14. Nec3 Nd4 15. 0-0 Bh3 16. b4 Nxd5 17. Nxd5 axb4 18. axb4 Ra2 19. Rf2 Rxf2 20. Bxf2 Bxg2 21. Kxg2 Rh6 22. Bxd4 exd4 23. Qd2 Qa4 24. bxc5 dxc5 25. Rxb7 Ra6 26. Qf4 Qc2+ 27. Kh3 Qxd3 28. Qxf7# 1-0